000 01118nam a22003497a 4500
003 CHAP
005 20220329140836.0
008 971013s1965 r 00010 d
010 _a58476
011 _a59448
035 _a63606
040 _cCHAP
090 _aFolleto 1856
100 0 0 _aSunada, Daniel K.
_9110654
245 _aTurbulent flow through porpus media
260 _aBerkeley :
_bUniversity of California. Hydraulic Laboratory,
_c1965
300 _a47 h.
590 _aBATCH-UPD
_b10
_c20130110
_lUCH01
_h0401
590 _aBATCH-UPD
_b10
_c20130110
_lUCH01
_h2245
590 _aBATCH-UPD
_b10
_c20130410
_lUCH01
_h0035
590 _aBATCH-UPD
_b10
_c20130410
_lUCH01
_h1539
590 _aBATCH-UPD
_b10
_c20130914
_lUCH01
_h1613
590 _aCONVERSION
_b10
_c20130109
_lUCH01
_h1331
650 1 4 _aHidráulica.
_955219
650 1 4 _aMecánica de fluídos.
_973821
650 1 4 _aPermeabilidad.
_987203
650 1 4 _aPorosidad.
_990937
901 _aBK
942 _cFOLL
949 _aFolleto 1856
_bBC
_cFOLL
_d-136757
_eTS1
_i63606
_mD
_si
949 _aFolleto 1856
_bBC
_cFOLL
_d-136758
_eTS2
_fc.2
_i63606
_mD
_si
999 _c58476
_d58476